Mario Games for the Wii - Statistics

General Stats
  • This quiz has been taken 106 times
  • The average score is 9 of 17
Answer Stats
Year Game % Correct
2007 Super Mario Galaxy
85%
2008 Mario Kart Wii
83%
2009 New Super Mario Bros. Wii
82%
2010 Super Mario Galaxy 2
82%
2007 Mario Party 8
67%
2012 Mario Party 9
56%
2007 Super Paper Mario
55%
2011 Mario & Sonic at the London 2012 Olympic Games
49%
2007 Mario & Sonic at the Olympic Games
49%
2008 Mario Super Sluggers
44%
2010 Mario Sports Mix
41%
2007 Mario Strikers Charged
37%
2010 Super Mario All-Stars Limited Edition
34%
2009 New Play Control! Mario Power Tennis
30%
2009 Mario & Sonic at the Olympic Winter Games
23%
2011 Fortune Street
20%
2008 Dr. Mario Online Rx
16%
No matching quizzes found
Score Distribution
Percent of People with Each Score
Percentile by Number Answered
Your Score History
You have not taken this quiz